| 000 | 00457cam a2200193 4500 | ||
|---|---|---|---|
| 001 | D10224 | ||
| 008 | 090401t1979 xxu||||| |||| 00| 0 eng d | ||
| 035 | _a(Sirsi) u94468 | ||
| 041 | _aeng | ||
| 050 | _a346.4104346 | ||
| 100 | _aBernstein, Ronald | ||
| 245 | _aRent review - valuing the incomparable | ||
| 260 | _c1979 | ||
| 350 | _a0 | ||
| 520 | _aIn Blundell Memorial Lectures 1979 | ||
| 700 | _aHill, J.C. | ||
| 942 | _n0 | ||
| 948 | _c04/03/1997 | ||
| 999 |
_c98049 _d98049 |
||